[Event "BCF-chT4S 1819 (4NCL)"]
[Site "England"]
[Date "2018.11.18"]
[Round "2.201"]
[White "Staples, Neil"]
[Black "Krawczuk, Michael J"]
[Result "0-1"]
[WhiteElo "1841"]
[BlackElo "1820"]
[PlyCount "90"]
[EventDate "2018.11.17"]
[EventType "team-swiss"]
[EventRounds "11"]
[EventCountry "ENG"]
[SourceTitle "EXT 2021"]
[Source "ChessBase"]
[SourceDate "2020.10.23"]
[SourceVersion "1"]
[SourceVersionDate "2020.10.23"]
[SourceQuality "1"]
[WhiteTeam "Oxford IV"]
[BlackTeam "Wessex III"]
[WhiteTeamCountry "ENG"]
[BlackTeamCountry "ENG"]

1. c4 e5 2. g3 g6 3. Bg2 Bg7 4. Nc3 Ne7 5. e4 0-0 6. Nge2 Nbc6 7. d3 d6 8. 0-0 Bg4 9. f3 Be6 10. Nd5 h6 11. a3 Kh7 12. b4 a6 13. Rb1 f5 14. a4 Bxd5 15. cxd5 Nb8 16. f4 Nd7 17. fxe5 dxe5 18. d4 fxe4 19. dxe5 Rxf1+ 20. Qxf1 Nxe5 21. Nf4 Qd6 22. Bxe4 Rf8 23. Qe2 Rf7 24. Be3 Nd7 25. Rc1 Nf6 26. Bg2 Nexd5 27. Nxd5 Nxd5 28. Bc5 Qd7 29. Be4 Nc3 30. Qd3 Nxe4 31. Qxe4 b6 32. Bf2 Qxa4 33. Qc4 Qd7 34. Re1 Qf5 35. Bd4 Qf3 36. Be3 Re7 37. Bf2 Rf7 38. Be3 Rd7 39. Qe6 Rd1 40. Rxd1 Qxd1+ 41. Kg2 Qc2+ 42. Kg1 Qb1+ 43. Kg2 Qxb4 44. Qf7 Qe4+ 45. Kf2 Qf5+ 0-1

[Event "BCF-chT4S 1718 (4NCL)"]
[Site "England"]
[Date "2018.03.25"]
[Round "8.64"]
[White "Krawczuk, Michael J"]
[Black "Dias, Savin"]
[Result "1/2-1/2"]
[WhiteElo "1828"]
[BlackElo "1721"]
[PlyCount "131"]
[EventDate "2017.11.11"]
[EventType "team-swiss"]
[EventRounds "11"]
[EventCountry "ENG"]
[SourceTitle "EXT 2020"]
[Source "ChessBase"]
[SourceDate "2019.10.17"]
[SourceVersion "1"]
[SourceVersionDate "2019.10.17"]
[SourceQuality "1"]
[WhiteTeam "Wessex II"]
[BlackTeam "KJCA Kings II"]
[WhiteTeamCountry "ENG"]
[BlackTeamCountry "ENG"]

1. e4 c5 2. Nf3 d6 3. c3 Nf6 4. Bd3 Nc6 5. h3 g6 6. 0-0 Bg7 7. Bc2 e6 8. a3 0-0 9. d4 b5 10. Be3 cxd4 11. cxd4 d5 12. e5 Nd7 13. Nh2 Nb6 14. b3 Qc7 15. Nd2 Nxe5 16. Rc1 Nc6 17. Bd3 a6 18. Ndf3 Bb7 19. Ng4 Qe7 20. Nfe5 Rac8 21. Nxc6 Rxc6 22. Ra1 Rcc8 23. Qd2 h5 24. Ne5 Nd7 25. Nxd7 Qxd7 26. f4 Qc6 27. Rac1 Qb6 28. Be2 Qd6 29. b4 Rc6 30. Rxc6 Qxc6 31. Rc1 Qd7 32. Rc3 Rc8 33. Rxc8+ Qxc8 34. Bd3 Qc7 35. Bb1 Qc4 36. Ba2 Qc7 37. Bb1 Bf8 38. Bd3 Qb6 39. Kf2 Qc6 40. Qb2 Bg7 41. Kg1 Qc7 42. Qd2 Qd8 43. Bb1 Bf8 44. Bd3 Bc6 45. Qc2 Bd7 46. Qc3 Bd6 47. Bb1 Qh4 48. Qd2 Qg3 49. Qf2 Qxf2+ 50. Kxf2 Kg7 51. Kf3 f6 52. Ba2 Bc6 53. Ke2 e5 54. fxe5 fxe5 55. Kd3 e4+ 56. Ke2 Kf6 57. Bb3 Kf5 58. Bd1 g5 59. Bc1 Bg3 60. Be3 Bd7 61. Bb3 Be6 62. Kf1 Bf4 63. Kf2 Bxe3+ 64. Kxe3 g4 65. h4 Bf7 66. g3 1/2-1/2

[Event "BCF-chT3 0910 (4NCL)"]
[Site "England"]
[Date "2010.03.28"]
[Round "8.6"]
[White "Robertson, J Stuart"]
[Black "Krawczuk, Michael J"]
[Result "1-0"]
[WhiteElo "1986"]
[BlackElo "1970"]
[PlyCount "45"]
[EventDate "2009.10.24"]
[EventType "team-tourn"]
[EventRounds "11"]
[EventCountry "ENG"]
[SourceTitle "EXT 2011"]
[Source "ChessBase"]
[SourceDate "2010.11.26"]
[SourceVersion "1"]
[SourceVersionDate "2010.11.26"]
[SourceQuality "1"]
[WhiteTeam "Cambridge University II"]
[BlackTeam "Wessex II"]
[WhiteTeamCountry "ENG"]
[BlackTeamCountry "ENG"]

1. d4 e6 2. c4 Nf6 3. Nc3 Bb4 4. f3 d5 5. a3 Bxc3+ 6. bxc3 b6 7. cxd5 exd5 8. e3 0-0 9. Bd3 Ba6 10. Ne2 Re8 11. 0-0 c5 12. Ng3 Bxd3 13. Qxd3 Nc6 14. Bb2 Na5 15. Rae1 Qd7 16. e4 h6 17. e5 Nh7 18. f4 Nc4 19. Bc1 Qb5 20. Qf3 cxd4 21. cxd4 f6 22. Qg4 Rad8 23. Nf5 1-0

[Event "BCF-chT3 0910 (4NCL)"]
[Site "England"]
[Date "2010.03.27"]
[Round "7.6"]
[White "Krawczuk, Michael J"]
[Black "Donaghay, Richard H"]
[Result "1-0"]
[WhiteElo "1970"]
[BlackElo "1975"]
[PlyCount "81"]
[EventDate "2009.10.24"]
[EventType "team-tourn"]
[EventRounds "11"]
[EventCountry "ENG"]
[SourceTitle "EXT 2011"]
[Source "ChessBase"]
[SourceDate "2010.11.26"]
[SourceVersion "1"]
[SourceVersionDate "2010.11.26"]
[SourceQuality "1"]
[WhiteTeam "Wessex II"]
[BlackTeam "Iceni"]
[WhiteTeamCountry "ENG"]
[BlackTeamCountry "ENG"]

1. e4 d5 2. exd5 Nf6 3. d4 Bg4 4. Nf3 Qxd5 5. Be2 Nc6 6. c4 Qh5 7. Nc3 0-0-0 8. Be3 e6 9. Qa4 Bb4 10. 0-0-0 Bxc3 11. bxc3 Qa5 12. Qb3 Ne4 13. Kb2 Qb6 14. h3 Bxf3 15. Bxf3 Nd6 16. Kc2 Nf5 17. c5 Qa6 18. Rb1 Na5 19. Qa4 c6 20. Bf4 Nh4 21. Bd1 Nxg2 22. Bg3 g5 23. Bf3 Nf4 24. Bxf4 gxf4 25. Rhe1 Nc4 26. Qxa6 bxa6 27. Rb4 Na3+ 28. Kb3 Nb5 29. Bxc6 Nc7 30. Kc4 Nd5 31. Rb7 Rhe8 32. Reb1 Re7 33. Rb8+ Kc7 34. Rxd8 Kxd8 35. Bxd5 exd5+ 36. Kxd5 f3 37. c6 Kc8 38. Rb7 Re2 39. Rxf7 Rxf2 40. Kd6 Rxa2 41. Rf8# 1-0

[Event "BCF-chT2d 0809 (4NCL) Demotion pool"]
[Site "Hinckley Island"]
[Date "2009.03.22"]
[Round "8.7"]
[White "Bennett, Patrick"]
[Black "Krawczuk, Michael J"]
[Result "1-0"]
[WhiteElo "2075"]
[BlackElo "2045"]
[PlyCount "43"]
[EventDate "2008.10.04"]
[EventType "team-tourn"]
[EventRounds "4"]
[EventCountry "ENG"]
[SourceTitle "EXT 2010"]
[Source "ChessBase"]
[SourceDate "2010.11.25"]
[SourceVersion "1"]
[SourceVersionDate "2010.11.25"]
[SourceQuality "1"]
[WhiteTeam "CHEDP"]
[BlackTeam "Wessex II"]
[WhiteTeamCountry "ENG"]
[BlackTeamCountry "ENG"]

1. d4 Nf6 2. Nf3 e6 3. c4 b6 4. g3 Bb4+ 5. Bd2 Qe7 6. Bg2 Bb7 7. 0-0 0-0 8. Nc3 c5 9. Nb5 Na6 10. Bf4 Ne8 11. d5 exd5 12. cxd5 d6 13. Qd3 h6 14. Nh4 Bc8 15. Nf5 Bxf5 16. Qxf5 c4 17. Qc2 Rc8 18. Nd4 Qb7 19. Nc6 b5 20. a4 Ra8 21. axb5 Qxb5 22. Qa4 1-0

[Event "BCF-chT2a 0809 (4NCL)"]
[Site "Hinckley Island"]
[Date "2008.10.05"]
[Round "2.6"]
[White "Krawczuk, Michael J"]
[Black "Cumbers, Paul"]
[Result "0-1"]
[WhiteElo "2045"]
[BlackElo "2165"]
[PlyCount "70"]
[EventDate "2008.10.04"]
[EventType "team-tourn"]
[EventRounds "7"]
[EventCountry "ENG"]
[SourceTitle "EXT 2010"]
[Source "ChessBase"]
[SourceDate "2010.11.25"]
[SourceVersion "1"]
[SourceVersionDate "2010.11.25"]
[SourceQuality "1"]
[WhiteTeam "Wessex II"]
[BlackTeam "Pandoras Box"]
[WhiteTeamCountry "ENG"]
[BlackTeamCountry "ENG"]

1. e4 e6 2. d4 d5 3. Nd2 Be7 4. c3 c5 5. Bd3 Nc6 6. Ne2 cxd4 7. cxd4 dxe4 8. Nxe4 Nf6 9. 0-0 0-0 10. Nxf6+ Bxf6 11. Be3 Qa5 12. Be4 Ne7 13. Qc2 g6 14. a3 Rd8 15. b4 Qb5 16. Nc3 Qe8 17. Rad1 Nd5 18. Qb3 Nxe3 19. fxe3 Bg5 20. Ne2 Bd7 21. Rc1 Ba4 22. Qc3 Rac8 23. Qd2 Bc6 24. Nc3 Bd5 25. Bd3 f5 26. Rfe1 Qe7 27. Nxd5 exd5 28. Kf2 Qg7 29. Bb1 Rxc1 30. Rxc1 Qh6 31. Rc7 Qxh2 32. Rxb7 Re8 33. Qa2 Bxe3+ 34. Kf3 Qh5+ 35. Kg3 f4# 0-1